| 000 | 01029nam a2200277 i 4500 | ||
|---|---|---|---|
| 005 | 20250323150128.0 | ||
| 008 | 230614s1981 my ||||f |||| 00| 0 may d | ||
| 020 | _qpaperback | ||
| 040 |
_aPPAK _beng _cPPAK _erda |
||
| 082 | 0 | 4 |
_223 _a959.511205 |
| 090 | 0 | 0 |
_a959.511205 _bLIN _dKWS |
| 090 | 2 | 0 |
_a959.511205 _bLIN _dKZR |
| 245 | 0 | 0 |
_aLINDUNGAN BULAN : _bMAJALAH PERSATUAN SEJARAH MALAYSIA, CAWANGAN NEGERI KEDAH. _hJilid 9 |
| 264 | 1 |
_aAlor Setar, Kedah : _bPERSATUAN SEJARAH MALAYSIA, CAWANGAN KEDAH, _c[1981] |
|
| 300 |
_a64 pages : _c26 cm |
||
| 310 | _aAnnual | ||
| 336 |
_atext _2rdacontent |
||
| 337 |
_aunmediated _2rdamedia |
||
| 338 |
_avolume _2rdacarrier |
||
| 362 | 0 | _aJilid 9, Bil.1 (November 1981)- | |
| 500 | _aSempena Hari Konvensyen Sejarah Kedah, 28Hb Nov - 2Hb Des 1981. | ||
| 651 | 0 |
_aKedah _xHistory _vPeriodicals |
|
| 710 | 2 |
_aPersatuan Sejarah Malaysia Cawangan Kedah, _eissuing body. |
|
| 850 |
_aPPAK _8Jilid 9, Bilangan 1- (November 1981)- |
||
| 942 |
_2ddc _cSR |
||
| 999 |
_c192143 _d192143 |
||